[Event "Campeonato España Sub 14"]
[Site "Salobreña"]
[Date "2017.07.21"]
[Round "8"]
[White "Martin Barcelo, Carles"]
[Black "Guillermo Gonzalez, Alvaro"]
[Result "1/2-1/2"]
[Board "25"]
[WhiteClock "1:30"]
[WhiteElo "1852"]
[WhiteCountry "ESP"]
[WhiteFideId "24561444"]
[WhiteEloChange "-4"]
[BlackClock "1:30"]
[BlackElo "1700"]
[BlackCountry "ESP"]
[BlackFideId "24558885"]
[BlackEloChange "4"]

1. e4 {[%clk 1:30:00]} c5 {[%clk 1:30:00]} 2. Nc3 {[%clk 1:30:00]} Nc6 {[%clk
1:31:00]} 3. Bb5 {[%clk 1:31:00]} Nd4 {[%clk 1:31:00]} 4. Bc4 {[%clk 1:31:00]} g6
{[%clk 1:31:00]} 5. f4 {[%clk 1:27:00]} Bg7 {[%clk 1:32:00]} 6. Nf3 {[%clk
1:28:00]} a6 {[%clk 1:29:00]} 7. Nxd4 {[%clk 1:25:00]} cxd4 {[%clk 1:29:00]} 8.
Ne2 {[%clk 1:26:00]} e6 {[%clk 1:27:00]} 9. c3 {[%clk 1:24:00]} dxc3 {[%clk
1:25:00]} 10. dxc3 {[%clk 1:22:00]} b5 {[%clk 1:22:00]} 11. Bd3 {[%clk 1:22:00]}
Ne7 {[%clk 1:20:00]} 12. O-O {[%clk 1:18:00]} O-O {[%clk 1:19:00]} 13. Be3 {[%clk
1:15:00]} Bb7 {[%clk 1:15:00]} 14. f5 {[%clk 1:08:00]} Nc6 {[%clk 1:14:00]} 15.
Qc1 {[%clk 0:38:00]} Ne5 {[%clk 0:56:00]} 16. Bc2 {[%clk 0:38:00]} Ng4 {[%clk
0:57:00]} 17. Nf4 {[%clk 0:37:00]} Nxe3 {[%clk 0:57:00]} 18. Qxe3 {[%clk
0:37:00]} Rc8 {[%clk 0:56:00]} 19. a3 {[%clk 0:35:00]} Qc7 {[%clk 0:54:00]} 20.
Nd3 {[%clk 0:27:00]} exf5 {[%clk 0:48:00]} 21. exf5 {[%clk 0:28:00]} Rfe8 {[%clk
0:48:00]} 22. Qf2 {[%clk 0:25:00]} Be4 {[%clk 0:40:00]} 23. fxg6 {[%clk 0:15:24]}
fxg6 {[%clk 0:40:00]} 24. Rae1 {[%clk 0:14:18]} Rf8 {[%clk 0:38:00]} 25. Qh4
{[%clk 0:11:03]} Qb6+ {[%clk 0:32:00]} 26. Kh1 {[%clk 0:09:42]} Qc6 {[%clk
0:32:00]} 27. Qh3 {[%clk 0:03:49]} Bf5 {[%clk 0:31:00]} 28. Qg3 {[%clk 0:03:31]}
a5 {[%clk 0:25:00]} 29. h3 {[%clk 0:00:41]} Rce8 {[%clk 0:24:00]} 30. Bb3+ {[%clk
0:00:34]} Kh8 {[%clk 0:24:00]} 31. Ne5 {[%clk 0:00:57]} Bxe5 {[%clk 0:11:19]} 32.
Rxe5 {[%clk 0:01:03]} Qd6 {[%clk 0:11:19]} 33. Rfe1 {[%clk 0:01:03]} Rxe5 {[%clk
0:11:19]} 34. Qxe5+ {[%clk 0:01:03]} Qxe5 {[%clk 0:11:19]} 35. Rxe5 {[%clk
0:01:03]} Rb8 {[%clk 0:11:19]} 36. Bd1 {[%clk 0:01:03]} Be6 {[%clk 0:11:19]} 37.
Bg4 {[%clk 0:01:06]} Rb6 {[%clk 0:11:08]} 38. Bxe6 {[%clk 0:00:34]} dxe6 {[%clk
0:11:36]} 39. a4 {[%clk 0:00:31]} bxa4 {[%clk 0:09:50]} 40. Rxa5 {[%clk 0:00:56]}
Rxb2 {[%clk 0:09:58]} 41. Rxa4 {[%clk 0:01:24]} Rc2 {[%clk 0:09:44]} 42. Re4
{[%clk 0:01:23]} Rxc3 {[%clk 0:09:52]} 43. Rxe6 {[%clk 0:01:50]} Kg7 {[%clk
0:09:30]} 44. Kg1 {[%clk 0:01:55]} Rc2 {[%clk 0:09:49]} 45. Ra6 {[%clk 0:02:06]}
Rb2 {[%clk 0:09:47]} 46. Kh2 {[%clk 0:02:26]} Rb3 {[%clk 0:10:11]} 47. Ra7+
{[%clk 0:02:15]} Kg8 {[%clk 0:10:34]} 48. Re7 {[%clk 0:01:28]} Rc3 {[%clk
0:10:52]} 49. Re2 {[%clk 0:00:40]} Rb3 {[%clk 0:10:50]} 50. Kg1 {[%clk 0:00:53]}
Kf7 {[%clk 0:11:16]} 51. Kf2 {[%clk 0:00:54]} Kf6 {[%clk 0:11:12]} 52. Ra2 {[%clk
0:01:11]} h6 {[%clk 0:11:07]} 53. Ra6+ {[%clk 0:01:16]} Kf7 {[%clk 0:11:28]} 54.
Ra7+ {[%clk 0:01:34]} Kf6 {[%clk 0:11:53]} 55. Rh7 {[%clk 0:01:13]} h5 {[%clk
0:10:03]} 56. Ra7 {[%clk 0:01:35]} Ke6 {[%clk 0:09:25]} 57. Rf7 {[%clk 0:01:10]}
Rf3+ {[%clk 0:09:18]} 58. Kxf3 {[%clk 0:01:26]} g5 {[%clk 0:08:39]} 59. g4 {[%clk
0:01:33]} hxg4+ {[%clk 0:09:13]} 60. hxg4 {[%clk 0:01:49]} Ke5 {[%clk 0:09:42]}
61. Ke3 {[%clk 0:01:49]} 1/2-1/2

[Event "Campeonato España Sub 14"]
[Site "Salobreña"]
[Date "2017.07.22"]
[Round "9"]
[White "Alonso Garcia, Aaron"]
[Black "Henderson de La Fuente, Lance"]
[Result "1/2-1/2"]
[Board "1"]
[WhiteClock "n/a"]
[WhiteElo "2119"]
[WhiteCountry "ESP"]
[WhiteFideId "24521060"]
[WhiteEloChange "6"]
[BlackClock "n/a"]
[BlackElo "2369"]
[BlackCountry "ESP"]
[BlackFideId "32096585"]
[BlackEloChange "-6"]

1. e4 {[%clk 1:30:30]} e5 {[%clk 1:30:30]} 2. Nf3 {[%clk 1:30:30]} Nc6 {[%clk
1:30:30]} 3. Bb5 {[%clk 1:30:30]} Nf6 {[%clk 1:30:30]} 4. O-O {[%clk 1:30:30]}
Nxe4 {[%clk 1:30:30]} 5. Re1 {[%clk 1:30:30]} Nd6 {[%clk 1:30:30]} 6. Nxe5 {[%clk
1:30:30]} Be7 {[%clk 1:30:30]} 7. Bf1 {[%clk 1:30:30]} O-O {[%clk 1:30:30]} 8. d4
{[%clk 1:30:30]} Nf5 {[%clk 1:30:30]} 9. c3 {[%clk 1:30:30]} Nxe5 {[%clk
1:30:30]} 10. Rxe5 {[%clk 1:30:30]} d6 {[%clk 1:30:30]} 11. Re1 {[%clk 1:30:30]}
d5 {[%clk 1:30:30]} 12. Bf4 {[%clk 1:30:30]} Bd6 {[%clk 1:30:30]} 13. Bxd6 {[%clk
1:30:30]} Nxd6 {[%clk 1:30:30]} 14. Bd3 {[%clk 1:30:30]} Bf5 {[%clk 1:30:30]} 15.
Bxf5 {[%clk 1:30:30]} Nxf5 {[%clk 1:30:30]} 16. Nd2 {[%clk 1:30:30]} c6 {[%clk
1:30:30]} 17. Nf3 {[%clk 1:30:30]} Nh4 {[%clk 1:30:30]} 18. Nxh4 {[%clk 1:30:30]}
Qxh4 {[%clk 1:30:30]} 19. Qf3 {[%clk 1:30:30]} Rfe8 {[%clk 1:30:30]} 20. Qg3
{[%clk 1:30:30]} Qxg3 {[%clk 1:30:30]} 21. fxg3 {[%clk 1:30:30]} f6 {[%clk
1:30:30]} 22. Kf2 {[%clk 1:30:30]} Kf7 {[%clk 1:30:30]} 23. Kf3 {[%clk 1:30:30]}
Rxe1 {[%clk 1:30:30]} 24. Rxe1 {[%clk 1:30:30]} Re8 {[%clk 1:30:30]} 25. Rxe8
{[%clk 1:30:30]} Kxe8 {[%clk 1:30:30]} 26. g4 {[%clk 1:30:30]} g5 {[%clk
1:30:30]} 27. Ke3 {[%clk 1:30:30]} Ke7 {[%clk 1:30:30]} 28. Kf3 {[%clk 1:30:30]}
Ke6 {[%clk 1:30:30]} 29. h3 {[%clk 1:30:30]} f5 {[%clk 1:30:30]} 30. gxf5+ {[%clk
1:30:30]} Kxf5 {[%clk 1:30:30]} 31. g4+ {[%clk 1:30:30]} Kf6 {[%clk 1:30:30]} 32.
Ke3 {[%clk 1:30:30]} 1/2-1/2

[Event "Campeonato España Sub 14"]
[Site "Salobreña"]
[Date "2017.07.22"]
[Round "9"]
[White "Gines Esteo, Pedro Antonio"]
[Black "Prado Lobo, Jonas"]
[Result "1-0"]
[Board "2"]
[WhiteClock "1:30"]
[WhiteTitle "FM"]
[WhiteElo "2375"]
[WhiteCountry "ESP"]
[WhiteFideId "32080190"]
[WhiteEloChange "3"]
[BlackClock "1:30"]
[BlackElo "2054"]
[BlackCountry "ESP"]
[BlackFideId "32050666"]
[BlackEloChange "-3"]

1. d4 {[%clk 1:30:00]} Nf6 {[%clk 1:30:00]} 2. Nf3 {[%clk 1:31:00]} c5 {[%clk
1:31:00]} 3. d5 {[%clk 1:31:00]} e6 {[%clk 1:31:00]} 4. Nc3 {[%clk 1:31:00]} b5
{[%clk 1:23:00]} 5. dxe6 {[%clk 1:31:00]} fxe6 {[%clk 1:22:00]} 6. Nxb5 {[%clk
1:32:00]} Qa5+ {[%clk 1:12:00]} 7. Nc3 {[%clk 1:32:00]} Ne4 {[%clk 1:12:00]} 8.
Bd2 {[%clk 1:30:00]} Nxd2 {[%clk 1:12:00]} 9. Nxd2 {[%clk 1:30:00]} d5 {[%clk
1:07:00]} 10. e4 {[%clk 1:27:00]} d4 {[%clk 1:06:00]} 11. Nc4 {[%clk 1:17:00]}
Qd8 {[%clk 0:43:00]} 12. Qh5+ {[%clk 1:14:00]} g6 {[%clk 0:43:00]} 13. Qe5 {[%clk
1:14:00]} dxc3 {[%clk 0:44:00]} 14. Qxh8 {[%clk 1:14:00]} cxb2 {[%clk 0:44:00]}
15. Qxb2 {[%clk 1:14:00]} Nc6 {[%clk 0:44:00]} 16. Rd1 {[%clk 1:12:00]} Qh4
{[%clk 0:44:00]} 17. Bd3 {[%clk 1:10:00]} Ba6 {[%clk 0:42:00]} 18. O-O {[%clk
1:06:00]} Nd4 {[%clk 0:36:00]} 19. c3 {[%clk 0:55:00]} Nf3+ {[%clk 0:34:00]} 20.
gxf3 {[%clk 0:55:00]} Qg5+ {[%clk 0:35:00]} 21. Kh1 {[%clk 0:56:00]} Qf4 {[%clk
0:35:00]} 22. Qe2 {[%clk 0:55:00]} Bxc4 {[%clk 0:35:00]} 23. Bxc4 {[%clk
0:55:00]} Bd6 {[%clk 0:36:00]} 24. Rxd6 {[%clk 0:56:00]} Qxd6 {[%clk 0:36:00]}
25. e5 {[%clk 0:56:00]} Qc7 {[%clk 0:36:00]} 26. Bxe6 {[%clk 0:56:00]} Qc6 {[%clk
0:37:00]} 27. Qe4 {[%clk 0:56:00]} Qxe4 {[%clk 0:37:00]} 28. fxe4 {[%clk
0:56:00]} Ke7 {[%clk 0:37:00]} 29. Bd5 {[%clk 0:57:00]} Rf8 {[%clk 0:38:00]} 30.
f4 {[%clk 0:57:00]} Rb8 {[%clk 0:38:00]} 31. f5 {[%clk 0:57:00]} gxf5 {[%clk
0:38:00]} 32. exf5 {[%clk 0:58:00]} c4 {[%clk 0:39:00]} 33. Rg1 {[%clk 0:58:00]}
Rf8 {[%clk 0:39:00]} 34. f6+ {[%clk 0:58:00]} Kd8 {[%clk 0:39:00]} 35. Rg7 {[%clk
0:59:00]} a5 {[%clk 0:40:00]} 36. Bc6 {[%clk 0:40:00]} a4 {[%clk 0:59:00]} 37.
Ra7 {[%clk 0:40:00]} a3 {[%clk 0:59:00]} 1-0

[Event "Campeonato España Sub 14"]
[Site "Salobreña"]
[Date "2017.07.22"]
[Round "9"]
[White "Quispe Arteaga, Gabriel"]
[Black "Alvarez Albiol, Victor"]
[Result "1-0"]
[Board "3"]
[WhiteClock "1:30"]
[WhiteTitle "FM"]
[WhiteElo "2231"]
[WhiteCountry "ESP"]
[WhiteFideId "32059809"]
[WhiteEloChange "3"]
[BlackClock "1:30"]
[BlackElo "1921"]
[BlackCountry "ESP"]
[BlackFideId "32065930"]
[BlackEloChange "-3"]

1. d4 {[%clk 1:30:00]} Nf6 {[%clk 1:30:00]} 2. Nf3 {[%clk 1:31:00]} c5 {[%clk
1:30:00]} 3. d5 {[%clk 1:31:00]} e6 {[%clk 1:25:00]} 4. Nc3 {[%clk 1:31:00]} b5
{[%clk 1:24:00]} 5. dxe6 {[%clk 1:29:00]} fxe6 {[%clk 1:24:00]} 6. Nxb5 {[%clk
1:30:00]} Qa5+ {[%clk 1:18:00]} 7. Nc3 {[%clk 1:30:00]} Ne4 {[%clk 1:16:00]} 8.
Bd2 {[%clk 1:28:00]} Nxd2 {[%clk 1:15:00]} 9. Nxd2 {[%clk 1:27:00]} d5 {[%clk
1:09:00]} 10. e3 {[%clk 1:27:00]} Nd7 {[%clk 1:04:00]} 11. Bb5 {[%clk 1:19:00]}
Qc7 {[%clk 0:57:00]} 12. Qg4 {[%clk 1:16:00]} Qe5 {[%clk 0:49:00]} 13. Nf3 {[%clk
0:59:00]} Qf6 {[%clk 0:48:00]} 14. Qg3 {[%clk 0:58:00]} a5 {[%clk 0:35:00]} 15.
O-O {[%clk 0:56:00]} g6 {[%clk 0:30:00]} 16. Na4 {[%clk 0:53:00]} Ba6 {[%clk
0:16:47]} 17. Bxd7+ {[%clk 0:50:00]} Kxd7 {[%clk 0:17:07]} 18. Nb6+ {[%clk
0:50:00]} Kc6 {[%clk 0:16:50]} 19. Ne5+ {[%clk 0:49:00]} Kb7 {[%clk 0:16:35]} 20.
Nbd7 {[%clk 0:42:00]} Qe7 {[%clk 0:15:10]} 21. e4 {[%clk 0:37:00]} Bc4 {[%clk
0:10:23]} 22. exd5 {[%clk 0:36:00]} exd5 {[%clk 0:10:21]} 23. Nxc4 {[%clk
0:34:00]} Qxd7 {[%clk 0:10:21]} 24. Qb3+ {[%clk 0:34:00]} Kc7 {[%clk 0:10:28]}
25. Nb6 {[%clk 0:35:00]} Qc6 {[%clk 0:08:36]} 26. Nxa8+ {[%clk 0:34:00]} Qxa8
{[%clk 0:09:04]} 27. Rad1 {[%clk 0:34:00]} d4 {[%clk 0:09:04]} 28. Qf7+ {[%clk
0:34:00]} 1-0

[Event "Campeonato España Sub 14"]
[Site "Salobreña"]
[Date "2017.07.22"]
[Round "9"]
[White "Eizaguerri Floris, Maria"]
[Black "Escartin Lacasa, Jose"]
[Result "1/2-1/2"]
[Board "4"]
[WhiteClock "1:30"]
[WhiteTitle "WFM"]
[WhiteElo "2075"]
[WhiteCountry "ESP"]
[WhiteFideId "32065752"]
[WhiteEloChange "-5"]
[BlackClock "1:30"]
[BlackElo "1906"]
[BlackCountry "ESP"]
[BlackFideId "32080042"]
[BlackEloChange "5"]

1. e4 {[%clk 1:30:00]} d6 {[%clk 1:30:00]} 2. d4 {[%clk 1:31:00]} Nf6 {[%clk
1:31:00]} 3. Nc3 {[%clk 1:31:00]} e5 {[%clk 1:30:00]} 4. Nf3 {[%clk 1:32:00]}
Nbd7 {[%clk 1:31:00]} 5. Bc4 {[%clk 1:32:00]} Be7 {[%clk 1:31:00]} 6. a4 {[%clk
1:32:00]} O-O {[%clk 1:30:00]} 7. O-O {[%clk 1:33:00]} c6 {[%clk 1:26:00]} 8. a5
{[%clk 1:33:00]} Nxe4 {[%clk 1:20:00]} 9. Nxe4 {[%clk 1:34:00]} d5 {[%clk
1:20:00]} 10. Ng3 {[%clk 1:34:00]} dxc4 {[%clk 1:20:00]} 11. dxe5 {[%clk
1:34:00]} Nc5 {[%clk 1:18:00]} 12. Qe2 {[%clk 1:30:00]} Be6 {[%clk 1:17:00]} 13.
Rd1 {[%clk 1:29:00]} Qc7 {[%clk 1:12:00]} 14. Nd4 {[%clk 1:26:00]} Rad8 {[%clk
0:58:00]} 15. f4 {[%clk 1:17:00]} Rfe8 {[%clk 0:47:00]} 16. Be3 {[%clk 1:12:00]}
Qc8 {[%clk 0:29:00]} 17. Qf2 {[%clk 1:01:00]} Bg4 {[%clk 0:26:00]} 18. Nf3 {[%clk
1:00:00]} b6 {[%clk 0:25:00]} 19. axb6 {[%clk 0:59:00]} axb6 {[%clk 0:26:00]} 20.
h3 {[%clk 0:58:00]} Bxf3 {[%clk 0:25:00]} 21. Qxf3 {[%clk 0:59:00]} Rxd1+ {[%clk
0:23:00]} 22. Rxd1 {[%clk 0:59:00]} b5 {[%clk 0:23:00]} 23. f5 {[%clk 0:54:00]}
Bf8 {[%clk 0:18:45]} 24. Bd4 {[%clk 0:53:00]} Na4 {[%clk 0:17:40]} 25. b3 {[%clk
0:48:00]} c5 {[%clk 0:18:04]} 26. Ba1 {[%clk 0:48:00]} cxb3 {[%clk 0:18:09]} 27.
cxb3 {[%clk 0:49:00]} Nb6 {[%clk 0:18:22]} 28. e6 {[%clk 0:48:00]} Rd8 {[%clk
0:02:45]} 29. Rf1 {[%clk 0:46:00]} f6 {[%clk 0:02:34]} 30. Nh5 {[%clk 0:45:00]}
Nd5 {[%clk 0:00:34]} 31. Qg4 {[%clk 0:39:00]} Kh8 {[%clk 0:00:40]} 32. Re1 {[%clk
0:35:00]} Qc7 {[%clk 0:00:34]} 33. e7 {[%clk 0:33:00]} Nxe7 {[%clk 0:00:54]} 34.
Nxf6 {[%clk 0:34:00]} Qa5 {[%clk 0:00:44]} 35. Rf1 {[%clk 0:31:00]} c4 {[%clk
0:00:36]} 36. Qh4 {[%clk 0:22:00]} Qb6+ {[%clk 0:00:33]} 37. Kh1 {[%clk 0:23:00]}
gxf6 {[%clk 0:00:51]} 38. Bxf6+ {[%clk 0:23:00]} Kg8 {[%clk 0:01:16]} 39. bxc4
{[%clk 0:21:00]} Rd7 {[%clk 0:00:31]} 40. cxb5 {[%clk 0:19:17]} Qxb5 {[%clk
0:00:40]} 41. Re1 {[%clk 0:15:50]} Qxf5 {[%clk 0:00:44]} 42. Bxe7 {[%clk
0:06:55]} Bxe7 {[%clk 0:00:55]} 43. Rxe7 {[%clk 0:06:54]} Rxe7 {[%clk 0:01:05]}
44. Qxe7 {[%clk 0:06:49]} Qb1+ {[%clk 0:01:01]} 45. Kh2 {[%clk 0:06:39]} Qb8+
{[%clk 0:01:28]} 46. Kg1 {[%clk 0:07:30]} Qb6+ {[%clk 0:01:47]} 47. Kf1 {[%clk
0:07:23]} Qb5+ {[%clk 0:02:08]} 48. Kf2 {[%clk 0:08:07]} Qb2+ {[%clk 0:02:30]}
49. Qe2 {[%clk 0:08:04]} Qb6+ {[%clk 0:02:23]} 50. Qe3 {[%clk 0:08:27]} Qb2+
{[%clk 0:03:04]} 51. Kg3 {[%clk 0:08:51]} Qb8+ {[%clk 0:03:19]} 52. Qf4 {[%clk
0:08:54]} Qb3+ {[%clk 0:03:27]} 53. Kh4 {[%clk 0:08:45]} Qc2 {[%clk 0:03:17]} 54.
g4 {[%clk 0:08:17]} Qd1 {[%clk 0:03:14]} 55. Kh5 {[%clk 0:07:41]} Qe1 {[%clk
0:01:13]} 56. Qg5+ {[%clk 0:07:43]} Kh8 {[%clk 0:01:05]} 57. Qf6+ {[%clk
0:07:49]} Kg8 {[%clk 0:01:26]} 58. Kh6 {[%clk 0:07:33]} Qe3+ {[%clk 0:01:04]} 59.
Qg5+ {[%clk 0:07:59]} Qxg5+ {[%clk 0:00:55]} 60. Kxg5 {[%clk 0:08:28]} Kg7 {[%clk
0:01:40]} 61. h4 {[%clk 0:08:32]} Kg8 {[%clk 0:01:24]} 62. Kf5 {[%clk 0:07:50]}
Kf7 {[%clk 0:01:40]} 63. g5 {[%clk 0:07:57]} Kg7 {[%clk 0:07:20]} 64. h5 {[%clk
0:02:05]} Kf7 {[%clk 0:07:20]} 65. Kf4 {[%clk 0:07:42]} Kf8 {[%clk 0:02:26]} 66.
Ke4 {[%clk 0:07:44]} Ke8 {[%clk 0:07:40]} 67. Ke5 {[%clk 0:02:20]} Ke7 {[%clk
0:08:01]} 68. g6 {[%clk 0:02:18]} h6 {[%clk 0:08:01]} 69. Kf5 {[%clk 0:02:18]}
Kf8 {[%clk 0:08:01]} 70. Kf6 {[%clk 0:02:18]} Kg8 {[%clk 0:08:01]} 71. Ke7 {[%clk
0:02:18]} Kg7 {[%clk 0:08:01]} 72. Ke6 {[%clk 0:02:18]} Kg8 {[%clk 0:08:01]}
1/2-1/2

[Event "Campeonato España Sub 14"]
[Site "Salobreña"]
[Date "2017.07.22"]
[Round "9"]
[White "Rodriguez Del Cerro, Ricardo"]
[Black "Blesa Fernandez, Ignacio"]
[Result "1-0"]
[Board "5"]
[WhiteClock "1:30"]
[WhiteElo "2034"]
[WhiteCountry "ESP"]
[WhiteFideId "24512451"]
[WhiteEloChange "4"]
[BlackClock "1:30"]
[BlackElo "1814"]
[BlackCountry "ESP"]
[BlackFideId "32061943"]
[BlackEloChange "-4"]

1. c4 {[%clk 1:30:00]} c5 {[%clk 1:30:00]} 2. Nc3 {[%clk 1:31:00]} Nc6 {[%clk
1:30:00]} 3. g3 {[%clk 1:31:00]} g6 {[%clk 1:30:00]} 4. Bg2 {[%clk 1:32:00]} Bg7
{[%clk 1:30:00]} 5. a3 {[%clk 1:32:00]} e5 {[%clk 1:29:00]} 6. b4 {[%clk
1:30:00]} d6 {[%clk 1:26:00]} 7. Rb1 {[%clk 1:20:00]} cxb4 {[%clk 1:24:00]} 8.
axb4 {[%clk 1:20:00]} Nge7 {[%clk 1:13:00]} 9. Nf3 {[%clk 1:17:00]} O-O {[%clk
1:07:00]} 10. O-O {[%clk 1:15:00]} Be6 {[%clk 1:04:00]} 11. d3 {[%clk 1:12:00]}
h6 {[%clk 1:04:00]} 12. Bb2 {[%clk 1:00:00]} d5 {[%clk 0:53:00]} 13. b5 {[%clk
0:55:00]} Nd4 {[%clk 0:52:00]} 14. e3 {[%clk 0:44:00]} Nxf3+ {[%clk 0:51:00]} 15.
Qxf3 {[%clk 0:44:00]} dxc4 {[%clk 0:48:00]} 16. dxc4 {[%clk 0:45:00]} Bxc4 {[%clk
0:47:00]} 17. Rfd1 {[%clk 0:44:00]} Qc7 {[%clk 0:42:00]} 18. Rbc1 {[%clk
0:36:00]} Qc5 {[%clk 0:39:00]} 19. Ba1 {[%clk 0:14:03]} Bxb5 {[%clk 0:36:00]} 20.
Nd5 {[%clk 0:14:07]} Qd6 {[%clk 0:31:00]} 21. Nc7 {[%clk 0:14:10]} Qb6 {[%clk
0:31:00]} 22. Nxa8 {[%clk 0:14:19]} Rxa8 {[%clk 0:32:00]} 23. Qxb7 {[%clk
0:14:06]} Qxb7 {[%clk 0:32:00]} 24. Bxb7 {[%clk 0:14:35]} Rb8 {[%clk 0:32:00]}
25. Bg2 {[%clk 0:14:18]} Ba4 {[%clk 0:31:00]} 26. Rd6 {[%clk 0:13:23]} a5 {[%clk
0:29:00]} 27. Ra6 {[%clk 0:13:24]} Rb5 {[%clk 0:28:00]} 28. Bc3 {[%clk 0:12:53]}
Nd5 {[%clk 0:27:00]} 29. Bxd5 {[%clk 0:11:05]} Rxd5 {[%clk 0:28:00]} 30. Rxa5
{[%clk 0:11:35]} Rxa5 {[%clk 0:28:00]} 31. Bxa5 {[%clk 0:12:04]} Kh7 {[%clk
0:27:00]} 32. Bc3 {[%clk 0:11:01]} g5 {[%clk 0:27:00]} 33. e4 {[%clk 0:09:52]}
Kg6 {[%clk 0:26:00]} 34. Kf1 {[%clk 0:09:24]} Bb5+ {[%clk 0:26:00]} 35. Ke1
{[%clk 0:09:28]} Bd3 {[%clk 0:26:00]} 36. f3 {[%clk 0:09:27]} h5 {[%clk 0:22:00]}
37. Kd2 {[%clk 0:09:53]} Bb5 {[%clk 0:22:00]} 38. Bxe5 {[%clk 0:08:20]} Bxe5
{[%clk 0:22:00]} 39. Rc5 {[%clk 0:08:46]} Bxg3 {[%clk 0:22:00]} 40. hxg3 {[%clk
0:09:15]} Bd7 {[%clk 0:22:00]} 41. Ke3 {[%clk 0:06:53]} f6 {[%clk 0:20:00]} 42.
Rc7 {[%clk 0:06:23]} Bb5 {[%clk 0:19:30]} 43. Rb7 {[%clk 0:06:43]} Bf1 {[%clk
0:19:27]} 44. Rb6 {[%clk 0:07:10]} Kf7 {[%clk 0:19:55]} 45. Kd4 {[%clk 0:07:00]}
Bg2 {[%clk 0:19:57]} 46. Ke3 {[%clk 0:06:08]} Bf1 {[%clk 0:19:50]} 47. f4 {[%clk
0:05:39]} h4 {[%clk 0:19:02]} 48. gxh4 {[%clk 0:06:04]} gxh4 {[%clk 0:19:10]} 49.
Kf3 {[%clk 0:05:36]} h3 {[%clk 0:19:32]} 50. Rb2 {[%clk 0:05:46]} Kg6 {[%clk
0:19:41]} 51. Rd2 {[%clk 0:05:46]} Kh5 {[%clk 0:19:39]} 52. Kg3 {[%clk 0:06:10]}
Bg2 {[%clk 0:20:00]} 53. Re2 {[%clk 0:06:08]} Bf1 {[%clk 0:20:00]} 54. Rh2 {[%clk
0:06:33]} Bg2 {[%clk 0:20:00]} 55. Rxh3+ {[%clk 0:06:31]} Bxh3 {[%clk 0:20:00]}
56. Kxh3 {[%clk 0:07:00]} Kg6 {[%clk 0:21:00]} 57. Kg3 {[%clk 0:07:09]} Kh5
{[%clk 0:21:00]} 58. Kf3 {[%clk 0:07:09]} Kh6 {[%clk 0:21:00]} 59. Ke3 {[%clk
0:07:24]} Kg6 {[%clk 0:21:00]} 60. Kd4 {[%clk 0:07:48]} Kf7 {[%clk 0:21:00]} 61.
Kd5 {[%clk 0:07:24]} Ke7 {[%clk 0:21:00]} 62. Kc6 {[%clk 0:07:56]} Ke6 {[%clk
0:21:00]} 63. Kc7 {[%clk 0:08:21]} Ke7 {[%clk 0:21:00]} 64. f5 {[%clk 0:08:21]}
1-0

[Event "Campeonato España Sub 14"]
[Site "Salobreña"]
[Date "2017.07.22"]
[Round "9"]
[White "Bermudez Revuelta, Paula"]
[Black "Perez Perez, Gabriel"]
[Result "0-1"]
[Board "6"]
[WhiteClock "1:30"]
[WhiteElo "1752"]
[WhiteCountry "ESP"]
[WhiteFideId "32073623"]
[WhiteEloChange "-4"]
[BlackClock "1:30"]
[BlackElo "2000"]
[BlackCountry "ESP"]
[BlackFideId "32089147"]
[BlackEloChange "4"]

1. e4 {[%clk 1:30:00]} c5 {[%clk 1:30:00]} 2. Nf3 {[%clk 1:31:00]} e6 {[%clk
1:31:00]} 3. d4 {[%clk 1:31:00]} cxd4 {[%clk 1:31:00]} 4. Nxd4 {[%clk 1:32:00]}
Nc6 {[%clk 1:31:00]} 5. Nc3 {[%clk 1:32:00]} Qc7 {[%clk 1:32:00]} 6. Be3 {[%clk
1:30:00]} a6 {[%clk 1:31:00]} 7. g3 {[%clk 1:21:00]} Nf6 {[%clk 1:30:00]} 8. Bg2
{[%clk 1:20:00]} Be7 {[%clk 1:23:00]} 9. O-O {[%clk 1:21:00]} O-O {[%clk
1:16:00]} 10. Kh1 {[%clk 1:18:00]} b5 {[%clk 1:12:00]} 11. e5 {[%clk 1:09:00]}
Ne8 {[%clk 1:11:00]} 12. f4 {[%clk 1:02:00]} Bb7 {[%clk 1:10:00]} 13. Ne4 {[%clk
1:00:00]} Nxd4 {[%clk 0:59:00]} 14. Bxd4 {[%clk 0:59:00]} Rc8 {[%clk 0:57:00]}
15. c3 {[%clk 0:57:00]} Bd5 {[%clk 0:56:00]} 16. f5 {[%clk 0:46:00]} exf5 {[%clk
0:54:00]} 17. Rxf5 {[%clk 0:44:00]} Qc6 {[%clk 0:53:00]} 18. Qe2 {[%clk 0:40:00]}
Nc7 {[%clk 0:51:00]} 19. Nf6+ {[%clk 0:29:00]} Bxf6 {[%clk 0:25:00]} 20. exf6
{[%clk 0:29:00]} Bxg2+ {[%clk 0:24:00]} 21. Qxg2 {[%clk 0:29:00]} g6 {[%clk
0:24:00]} 22. Rf3 {[%clk 0:23:00]} Ne6 {[%clk 0:24:00]} 23. Be3 {[%clk 0:22:00]}
Rfd8 {[%clk 0:23:00]} 24. Raf1 {[%clk 0:20:00]} Qe4 {[%clk 0:22:00]} 25. Kg1
{[%clk 0:17:38]} d5 {[%clk 0:22:00]} 26. Bd2 {[%clk 0:13:35]} Qc2 {[%clk
0:16:25]} 27. Be3 {[%clk 0:11:10]} Qe4 {[%clk 0:13:09]} 28. Bd2 {[%clk 0:10:52]}
Re8 {[%clk 0:10:22]} 29. Re1 {[%clk 0:10:06]} Qc2 {[%clk 0:10:05]} 30. Rf2 {[%clk
0:05:56]} Nc5 {[%clk 0:07:04]} 31. Be3 {[%clk 0:03:36]} Qd3 {[%clk 0:01:16]} 32.
Qh3 {[%clk 0:02:53]} h5 {[%clk 0:01:04]} 33. g4 {[%clk 0:03:02]} Ne4 {[%clk
0:00:55]} 34. Rff1 {[%clk 0:02:11]} d4 {[%clk 0:01:01]} 35. gxh5 {[%clk 0:01:46]}
Ng5 {[%clk 0:01:01]} 36. Qg3 {[%clk 0:01:57]} Rxe3 {[%clk 0:00:36]} 37. Qxg5
{[%clk 0:02:03]} Rxe1 {[%clk 0:00:35]} 38. Rxe1 {[%clk 0:02:29]} Kh7 {[%clk
0:00:35]} 39. hxg6+ {[%clk 0:02:50]} Qxg6 {[%clk 0:01:02]} 40. Qxg6+ {[%clk
0:03:13]} Kxg6 {[%clk 0:01:31]} 41. cxd4 {[%clk 0:03:20]} Kxf6 {[%clk 0:01:42]}
42. b3 {[%clk 0:03:07]} Rc2 {[%clk 0:02:12]} 43. d5 {[%clk 0:02:45]} Rd2 {[%clk
0:01:13]} 44. Rf1+ {[%clk 0:03:05]} Kg6 {[%clk 0:01:22]} 45. Rf2 {[%clk 0:03:14]}
Rxd5 {[%clk 0:01:46]} 46. Kg2 {[%clk 0:03:39]} f5 {[%clk 0:02:12]} 47. Kf3 {[%clk
0:03:28]} Rd3+ {[%clk 0:01:39]} 48. Ke2 {[%clk 0:03:50]} Rh3 {[%clk 0:01:54]} 49.
Kf1 {[%clk 0:04:09]} Kg5 {[%clk 0:02:12]} 50. Kg2 {[%clk 0:04:33]} Rc3 {[%clk
0:02:01]} 51. Rf3 {[%clk 0:04:41]} Rc1 {[%clk 0:01:56]} 52. Kg3 {[%clk 0:04:46]}
Rg1+ {[%clk 0:02:09]} 53. Kf2 {[%clk 0:05:09]} Ra1 {[%clk 0:02:35]} 54. a4 {[%clk
0:04:33]} bxa4 {[%clk 0:02:56]} 55. bxa4 {[%clk 0:03:52]} Rxa4 {[%clk 0:03:25]}
56. Rg3+ {[%clk 0:04:03]} Kf6 {[%clk 0:03:39]} 57. Rg8 {[%clk 0:04:24]} Ke5
{[%clk 0:02:07]} 58. Ra8 {[%clk 0:04:21]} Kf4 {[%clk 0:01:31]} 59. Kg2 {[%clk
0:04:15]} Ra2+ {[%clk 0:01:45]} 60. Kh3 {[%clk 0:04:29]} Kf3 {[%clk 0:01:52]} 61.
Rg8 {[%clk 0:01:58]} f4 {[%clk 0:03:50]} 62. Rh8 {[%clk 0:01:58]} a5 {[%clk
0:03:50]} 63. Rh4 {[%clk 0:01:58]} a4 {[%clk 0:03:50]} 64. Rh5 {[%clk 0:01:58]}
a3 {[%clk 0:03:50]} 65. Rb5 {[%clk 0:01:58]} Re2 {[%clk 0:03:50]} 66. Ra5 {[%clk
0:01:58]} Re3 {[%clk 0:03:50]} 67. Ra4 {[%clk 0:01:58]} Ke2+ {[%clk 0:03:50]} 68.
Kg4 {[%clk 0:01:58]} f3 {[%clk 0:03:50]} 69. Rb4 {[%clk 0:01:58]} f2 {[%clk
0:03:50]} 0-1